Couples dans Stranger Things - Statistiques

Statistiques générales
  • Ce quiz a été pris 192 fois
    187 depuis la dernière actualisation
  • Le résultat moyen est 9 sur 13
Statistiques - réponses
Hint Réponse % Correct
Petit ami de Joyce en saison 2 Bob Newby
95%
Petite amie de Mike Jane Hopper
94%
Deuxième petit ami de Nancy Jonathan Byers
92%
Petit ami de Max Lucas Sinclair
92%
Premier petit ami de Nancy Steve Harrington
92%
Will a un crush pour lui qui n’est pas réciproque Mike Wheeler
87%
Petite copine de Dustin Suzie Bingham
81%
Deuxième mari de Joyce Jim Hopper
73%
Chrissy avait le béguin pour lui… Eddie Munson
67%
Est en couple avec Robin Buckley Vickie Dunne
66%
Premier mari de Joyce, père de ses deux fils Lonnie Byers
44%
Parents de Nancy, Mike et Holly Ted et Karen Wheeler
39%
Parents biologiques de Jane Terry Ives et Andrew Rich
28%
Aucun quiz correspondant
Distribution des résultats
% des personnes avec chaque résultat
Percentile par nombre de réponses
Votre historique - résultats
Vous n’avez pas pris ce quiz depuis la dernière actualisation